Patrimonio urbano y arquitectónico de bahía blanca /

Guardado en:
Autor Principal: Viñuales, Graciela María
Otros Autores: Zingoni José María
Formato: Libro
Publicado: Bah¡a Blanca : La Nueva Provincia, 1990
Materias:
Etiquetas: Agregar Etiqueta
Sin Etiquetas, Sea el primero en etiquetar este registro!
LEADER 00558nam a22001815a 4500
001 CEM.cems006597
005 20060214000000.0
008 130507s1990##################000#0#####d
003 CEMS
082 0 4 |a 720.982 
100 1 |a Viñuales, Graciela María 
245 1 0 |a Patrimonio urbano y arquitectónico de bahía blanca / 
260 |a Bah¡a Blanca :  |b La Nueva Provincia,  |c 1990 
300 |a 265 p. 
653 |a Arquitectura 
653 |a Bahia blanca-arquitectura 
700 1 |a Zingoni José María 
859 |a CEMS  |b BIB. CEMS - 11 de abril  |h 720.982  |i V799  |p 16085.91  |t Ej.1